000 00992cam a2200289 a 4500
001 15310911
005 20201128020948.0
008 080530s2009 njua b 001 0 eng
010 _a 2008024353
020 _a0131714740 (alk. paper)
020 _a9780131714748 (alk. paper)
082 0 0 _a687.0688
_222
_bSOL
100 1 _aSolomon, Michael R.
_933002
245 1 0 _aConsumer Behavior :
_bin Fashion /
_cMichael R. Solomon, Nancy J. Rabolt.
260 _aUpper Saddle River, N.J. :
_bPearson/Prentice Hall,
_cc2009.
300 _axiv, 580 p. :
_bill. ;
_c26 cm.
504 _aIncludes bibliographical references and index.
650 0 _aFashion merchandising.
_932994
650 0 _aClothing and dress
_xMarketing.
_933003
650 0 _aConsumer behavior.
_933004
650 0 _aConsumers' preferences.
_933005
650 0 _aConsumers
_xPsychology.
_933006
650 0 _aConsumer protection.
_91178
653 _bBus
_cMarch2013
700 1 _aRabolt, Nancy J.
_933007
942 _2ddc
_cBB
999 _c17410
_d17382